00299nam a2200121Ia 4500008004100000082001500041100002300056245004700079250000800126260002700134300000800161650000800169191201s2009 xx 000 0 und d a332.6bFIS aFISCHER, Donald E. 0aSecurity Analysis and Portfolio Management aIMP aN.DelhibPearsonc2009 a703 aMBA